BIBLIOTECA

SENCICO

Pequeño manual del proyecto sostenible / (Registro nro. 4089)

Detalles MARC
000 -LEADER
fixed length control field 00762nam a22002537a 4500
003 - CONTROL NUMBER IDENTIFIER
control field PE SENCICO BE
005 - DATE AND TIME OF LATEST TRANSACTION
control field 20251020182634.0
008 - FIXED-LENGTH DATA ELEMENTS--GENERAL INFORMATION
fixed length control field 230404b |||||||| |||| 00| 0 eng d
020 ## - INTERNATIONAL STANDARD BOOK NUMBER
International Standard Book Number 978-84-252-2449-2
040 ## - CATALOGING SOURCE
Original cataloging agency PE SENCICO BE
Transcribing agency PE SENCICO BE
041 ## - LANGUAGE CODE
Language code of text/sound track or separate title spa
082 ## - DEWEY DECIMAL CLASSIFICATION NUMBER
Classification number 720.47
Item number J76
100 1# - MAIN ENTRY--PERSONAL NAME
9 (RLIN) 867
Personal name Jourda, Francoise-Helene
Relator term autor
245 1# - TITLE STATEMENT
Title Pequeño manual del proyecto sostenible /
Statement of responsibility, etc. Francoise-Helene Jourda
250 ## - EDITION STATEMENT
Edition statement 1a ed.
260 ## - PUBLICATION, DISTRIBUTION, ETC.
Place of publication, distribution, etc. Barcelona :
Name of publisher, distributor, etc. Gustavo Gili,
Date of publication, distribution, etc. 2016
300 ## - PHYSICAL DESCRIPTION
Extent [80] p. :
Other physical details il.,
Dimensions 18 cm.
650 14 - SUBJECT ADDED ENTRY--TOPICAL TERM
9 (RLIN) 280
Topical term or geographic name entry element Arquitectura sostenible
650 24 - SUBJECT ADDED ENTRY--TOPICAL TERM
9 (RLIN) 636
Topical term or geographic name entry element Proyectos urbanos
650 24 - SUBJECT ADDED ENTRY--TOPICAL TERM
9 (RLIN) 249
Topical term or geographic name entry element Edificios inteligentes
650 24 - SUBJECT ADDED ENTRY--TOPICAL TERM
9 (RLIN) 868
Topical term or geographic name entry element Edificios ecológicos
910 ## - USER-OPTION DATA (OCLC)
-- hfp
-- hfp
942 ## - ADDED ENTRY ELEMENTS (KOHA)
Source of classification or shelving scheme Dewey Decimal Classification
Koha item type Libros
Existencias
Fecha de la última vez que lo usaron Número de ingreso o de inventario Pago total Signatura topográfica completa Precio efectivo desde Tipo de documento Estado perdido Sistema de clasificación Estado dañado No es para préstamo Retirado Ubicación permanente Ubicación actual Fecha de adquisición
04/04/2023 16192   720.47/J76 04/04/2023 Libros   Dewey Decimal Classification       Biblioteca Central Lima Biblioteca Central Lima 04/04/2023